000 00358nam a2200169Ia 4500
003 0100
008 130303s9999 xx 000 0 und d
040 _cARRUPELIB
050 _aPL8681.Z77L5 1979
100 _aThe Literature Bureau
245 _aGwenyambira
260 _aGweru
260 _bMambo PR
260 _C1979
300 _a214p
942 0 0 _01
999 _c26844
_d26844